000 01300nam a2200241Ia 4500
003 Ost
005 20260507075742.0
008 260507s9999||||xx |||||||||||||| ||und||
040 _cfsecg
041 _aara
082 _a330
100 _aداود، حسام علي
_eمؤلف
245 0 _aإقتصاديات التجارة الخارجية /
_c حسام علي داود
260 _aعمان:
_bدار المسيرة للنشر والتوزيع,
_c2002
300 _a200 صفحة؛
_bإيضاحات ؛
_c24 سم
520 _aالتجارة الخارجية- نظريات التجارة الخارجية- الأساليب النظرية الحديثة في التجارة الدولية- السياسات التجارية الدولية- السياسة التجارية في حالة الدولة الكبيرة ومظاهر فشل السوق- مزايا وعيوب الحماية التجارية- الإتفاقية العامة للتعرفية الجمركية والتجارة الخارجية في الأردن
653 _aإقتصاديات التجارة
653 _aالإقتصاد
653 _aالتجارة الخارجية
653 _aالتجارة الدولية
700 _aالهزايمية، أحمد وآخرون
_eمؤلف ثانوي
942 _cكتاب
999 _c46155
_d46155